Electricity (Record no. 150921)

MARC details
000 -LEADER
campo de control de longitud fija 00593nam a2200181 i 4500
001 - NÚMERO DE CONTROL
campo de control 150921
003 - IDENTIFICADOR DE NÚMERO DE CONTROL
campo de control ES-MaACL
005 - FECHA Y HORA DE LA ÚLTIMA TRANSACCIÓN
campo de control 20250717070758.0
007 - CAMPO FIJO DE DESCRIPCIÓN FÍSICA--INFORMACIÓN GENERAL
campo de control de longitud fija t|
008 - DATOS DE LONGITUD FIJA--INFORMACIÓN GENERAL
campo de control de longitud fija 071120s1947 xxk ||||1| eng d
100 1# - ENTRADA PRINCIPAL--NOMBRE DE PERSONA
Nombre de persona Das, M. M.
9 (RLIN) 42778
245 10 - MENCIÓN DEL TÍTULO
Título Electricity
Resto del título : text book and laboratory manual for Inter B.Sc., Higher School Certificate, University Scholarship, etc. /
Mención de responsabilidad, etc. M. M. Das.
260 ## - PUBLICACIÓN, DISTRIBUCIÓN, ETC.
Lugar de publicación, distribución, etc. London :
Nombre del editor, distribuidor, etc. Thomas Murby,
Fecha de publicación, distribución, etc. [1947]
300 ## - DESCRIPCIÓN FÍSICA
Extensión XI, 483 p. :
Otras características físicas il. ;
Dimensiones 21 cm.
650 17 - PUNTO DE ACCESO ADICIONAL DE MATERIA--TÉRMINO DE MATERIA
Término de materia o nombre geográfico como elemento de entrada Electricidad
Fuente del encabezamiento o término embne
9 (RLIN) 12159
852 ## - LOCALIZACIÓN
Ubicación ES-MaACL
Número de control de estantería C-4794
Sublocalización o colección R.25244
Holdings
Estatus retirado Estado de pérdida Estado de daño No para préstamo Biblioteca de origen Biblioteca actual Ubicación en estantería Fecha de adquisición Fuente de adquisición Total de préstamos Signatura topográfica completa Código de barras Visto por última vez Precio de reemplazo Tipo de ítem Koha
        Biblioteca del Ateneo de Madrid Biblioteca del Ateneo de Madrid Sala Palomar 17/01/2008     C-4794 1157484 23/02/2023 23/02/2023 Libro impreso